000 00567nam a2200193Ia 4500
005 20250508153424.0
008 008 250505s9999 xx 000 0 eng d
037 _aTextual
040 _aFEDL
_beng
_cFEDL
041 _aeng
_2eng
084 _a500, UNI
_qFEDL
100 _aPiltz Albert
_9763957
245 0 _aScience equipment and materials: Science kits
260 _aWashington, USA
_bU.S. Government Printing Office
_c1963
300 _av,26p.
700 _a Gruver William J
_9763958
942 _cTEXL
_h500, UNI
999 _c1342751
_d1342751